000
00310 a2200157 4500
001
193095
020
_a
978-85-424-0606-1
040
_c
Magnum
100
_a
Trindade, Kátia
240
1
0
_a
Honra
_l
por
245
1
0
_a
Honra
300
_a
15
362
0
_a
2017
697
_a
LITERATURA INFANTIL
942
_c
BK
999
_c
193095
_d
193095